[Event "Shanghai Masters"]
[Site "Shanghai"]
[Date "2010.09.07"]
[Round "5"]
[White "Wang, Hao"]
[Black "Shirov, Alexei"]
[Result "0-1"]
[WhiteElo "2724"]
[BlackElo "2749"]
[Annotator "Ftacnik,L"]
[PlyCount "118"]
[EventDate "2010.09.03"]
[EventType "tourn"]
[EventRounds "6"]
[EventCountry "CHN"]
[EventCategory "21"]
[SourceTitle "CBM 138"]
[Source "ChessBase"]
[SourceDate "2010.09.17"]
[SourceVersion "1"]
[SourceVersionDate "2010.09.17"]
[SourceQuality "1"]

1. d4 d5 2. c4 c6 3. Nf3 Nf6 4. e3 Bf5 5. Nc3 e6 6. Nh4 Bg6 7. Be2 Nbd7 8. O-O
dxc4 {The idea of opening the centre is somewhat dubious on two logical counts.
Black has invested time in bringing his bishop out to g6 and thus is behind in
development. The bishop can be exchanged and White will end up with some
advantage with the bishop pair in a semi-open position.} 9. Bxc4 (9. Nxg6 hxg6
10. Bxc4 Bd6 (10... Be7 11. f4 O-O 12. Bb3 c5 13. d5 exd5 14. Nxd5 Nb6 15. Nxb6
Qxb6 16. Qf3 Rad8 17. Kh1 Qb4 18. Bc2 Rd7 19. e4 Qc4 20. Bb1 Rfd8 $15 {1/2-1/2
Ansell,S (2398)-Cech,P (2410)/Dun Laoghaire 2010 (41)}) (10... Nb6 11. Be2 Bd6
12. g3 e5 13. Bf3 O-O (13... Qe7 14. a4 Qe6 15. Bg2 a5 16. dxe5 Bxe5 17. Ne2
O-O 18. Nd4 Qe7 19. Bd2 Rfd8 20. Qb3 Nbd5 $11 {1/2-1/2 Jaracz,P (2547)
-Bindrich,F (2516)/Germany 2009 (38)}) 14. a4 exd4 15. exd4 Qd7 16. a5 Nbd5 17.
a6 Rab8 18. axb7 Rxb7 19. Bg2 Rb4 20. Qd3 Re8 $11 {1/2-1/2 Iljin,A (2538)
-Motylev,A (2642)/Sochi 2007 (50)}) 11. h3 Nb6 12. Be2 e5 13. dxe5 Bxe5 14. Qc2
Qe7 15. a4 a5 16. Rd1 Qc5 17. Bd3 O-O-O 18. Bd2 g5 19. Ne2 Qxc2 20. Bxc2 Bxb2
21. Rab1 Nc4 22. Bxa5 Rxd1+ 23. Bxd1 Nxa5 {1/2-1/2 Andersson,F (2284)
-Blomqvist,E (2407)/Lund 2010}) 9... b5 $146 {A new move in a situation which
offers no easy equalising plan. Shirov begins queenside action... to his
opponent's benefit.} (9... Bh5 $5 10. Be2 Bxe2 11. Qxe2 b5 (11... c5 12. dxc5 (
12. Nf3 cxd4 13. exd4 Nb6 14. Ne5 Be7 15. Qb5+ Nfd7 16. Be3 O-O 17. Nxd7 Qxd7
18. Qxd7 Nxd7 19. d5 Ne5 20. dxe6 fxe6 21. Ne4 Nc4 $11 {1/2-1/2 Kunte,A (2550)
-Wang Hao (2665)/Vishakapatnam 2008 (28)}) 12... Bxc5 13. Nf3 O-O 14. e4 e5 15.
Bg5 Qa5 16. Rfd1 Rfe8 17. a3 Qb6 18. Nd5 Nxd5 19. Rxd5 Nf8 20. Nxe5 {1/2-1/2
Lysyj,I (2591)-Volkov,S (2648)/Serpukhov 2007} f6 21. Nd3 $14) 12. Nf3 Qa5 13.
e4 b4 14. Nb1 Qb5 15. Qc2 Be7 16. Bg5 c5 17. a4 Qb7 18. Nbd2 cxd4 19. e5 Nd5
20. Qe4 f6 21. exf6 gxf6 22. Bh6 e5 23. Nb3 $16 {1-0 Halkias,S (2566)
-Petrosian,T (2627)/Bursa 2010 (29)}) (9... Nb6 10. Be2 Qc7 11. g3 Be7 12. Nxg6
hxg6 13. Bf3 Rd8 14. Qb3 O-O 15. a4 a5 16. Rd1 Nbd7 17. Bd2 e5 18. Rac1 exd4
19. exd4 Qb6 20. Qc4 Rfe8 21. Bf4 Qb4 $11 {1/2-1/2 Lysyj,I (2591)-Volkov,S 
(2648)/Serpukhov 2007 (79)}) (9... Bd6 10. g3 O-O 11. Nxg6 hxg6 12. Qb3 Qc7 13.
Rd1 e5 14. Bd2 e4 15. Bf1 Nb6 16. a4 Nbd5 17. Nxd5 cxd5 18. a5 a6 19. Bb4 Bxb4
20. Qxb4 Qd7 $11 {1-0 Grachev,B (2601)-Najer,E (2634)/Moscow 2008 (61)}) 10.
Be2 a6 11. f4 {It is no surprise, that Hao wants to punish his opponent. The
quiet development of pieces also seems to be quite promising.} (11. Nxg6 hxg6
12. Bf3 Nd5 13. g3 Bd6 14. Bd2 $16) 11... b4 12. Nxg6 hxg6 13. Na4 c5 14. b3 {
White ignores the interesting possibility of maximising the conflict with an
immediate 14.a3!?, as Black is not fully developed.} (14. a3 $5 cxd4 15. Qxd4
Qa5 16. axb4 Bxb4 17. b3 O-O 18. Bb2 Rfd8 $14) 14... Nd5 15. e4 N5b6 (15... Qh4
$2 16. exd5 Qxh2+ 17. Kf2 Qh4+ 18. Ke3 $18) 16. Nxb6 (16. Be3 Nxa4 17. bxa4
cxd4 18. Bxd4 Nc5 $14) 16... Qxb6 17. d5 e5 $2 {Shirov is getting cold feet at
the critical moment. For better or worse his concept called for the more
ambitious line with 17...c4! even though White would definitely be better in a
sharp position.} (17... c4+ $1 18. Kh1 c3 19. dxe6 Qxe6 (19... fxe6 20. Qc2 Rd8
21. a3 bxa3 22. Qxc3 $14) 20. Bc4 Qf6 21. Qf3 $14) 18. Bg4 $1 Bd6 (18... c4+
19. Kh1 c3 (19... Qd4 20. Qxd4 exd4 21. bxc4 Rc8 22. Be2 Nc5 23. e5 d3 24. Bf3
Na4 25. Rd1 Rxc4 26. d6 $16) 20. Bxd7+ Kxd7 21. fxe5 $18) 19. Bxd7+ Kxd7 20.
Qg4+ Ke8 (20... Kc7 $2 21. fxe5 c4+ 22. Kh1 Bxe5 23. Rxf7+ Kb8 24. Bf4 $18) (
20... Ke7 21. f5 c4+ 22. Kh1 Bc5 23. bxc4 Bd4 24. Rb1 $16) 21. Kh1 {The
Chinese super GM must have been very happy with the outcome of the first phase
of the game. His excellent position could have lead to some complacency that
is not exactly focused on finding the very best lines.} (21. Be3 $5 Rd8 (21...
exf4 22. Bxf4 c4+ 23. Kh1 Bxf4 (23... c3 24. e5 Bc5 25. e6 $18) 24. Qxf4 f6 25.
bxc4 $16) 22. f5 Be7 23. fxg6 Qxg6 24. Qxg6 fxg6 25. Rac1 $16) 21... Qd8 22. g3
Qd7 23. f5 $1 Kf8 24. Be3 Rc8 (24... a5 25. Rac1 gxf5 26. Qxf5 Qxf5 27. Rxf5
Rc8 28. Rf2 $16) 25. Qe2 gxf5 (25... Qb5 26. Qxb5 axb5 27. fxg6 f6 28. a4 bxa3
29. Rxa3 $16) 26. Rxf5 Qb5 27. Qg4 Rc7 {Black is facing a disaster. His rooks
are disconnected, the king is in no real safety and the pawn structure will
cause defeat in most endings.} (27... Qd7 $2 28. Rxf7+ Qxf7 29. Qxc8+ Ke7 30.
Bg5+ $18) 28. Raf1 (28. Qg6 $5 f6 (28... Rd7 29. Raf1 Qb7 30. Rg5 Rg8 31. Rxf7+
Rxf7 32. Qxd6+ Ke8 33. Rxe5+ Re7 34. Qg6+ Kd8 35. Bg5 $18) 29. Rxf6+ gxf6 30.
Qxf6+ Kg8 31. Qxd6 Rxh2+ 32. Kxh2 Qe2+ 33. Kh3 Rh7+ 34. Bh6 Qh5+ 35. Kg2 Rxh6
36. Qd8+ Kh7 37. Re1 (37. Qe7+ Kg8 38. Kf2 Qh2+ 39. Kf3 Qd2) 37... Qh2+ 38. Kf3
Qxa2 39. Rf1 $1 $16) 28... Kg8 29. Rxf7 $2 {The first radical step in the
wrong direction. Due to the huge difference in the quality of bishops White
could have taken either the patient road or the more tricky setup with the
amassing of pieces closer to Black's kingside. The demise of the f7-pawn leads
only to an equal position.} (29. Kg2 $1 Qd7 30. Qe2 Qb5 31. Qf3 Qd7 32. h4 $16)
(29. Rf6 $5 Re7 30. h4 Qd7 31. R1f5 Rh7 (31... Kf8 32. Rg6 Rg8 33. Bg5 Re8 34.
Qh5 $18) 32. h5 Kh8 (32... Kf8 33. Qg6) 33. Bg5 g6 34. h6 Kg8 (34... gxf5 35.
Rxf5 $18) 35. Be3 $18) 29... Rxf7 30. Rxf7 Kxf7 31. Qe6+ Kf8 32. Qxd6+ Kg8 33.
Qe6+ Kh7 (33... Kf8 $2 34. Kg1 $1 a5 35. Qc8+ Qe8 36. Bxc5+ Kf7 37. Qf5+ Kg8
38. d6 $18) 34. Qf5+ Kg8 35. Bg5 (35. d6 Qe2 36. Bg1 Rh5 37. Qc8+ Kf7 38. Qd7+
Kf6 39. Qd8+ Kg6 40. Qe8+ Kh7 41. h4 Qxe4+ 42. Kh2 $11) 35... Qd3 36. h4 Qb1+
37. Kg2 Qxa2+ 38. Kh3 Qa1 {Shirov surely understood, that grabbing the-b3 pawn
would inspire White to an immediate perpetual check.} (38... Qxb3 39. Qe6+ Kh7
40. Qf5+ $11) 39. Qc8+ Kh7 40. Qf5+ Kg8 41. Qf3 {Wang Hao has every reason to
feel frustrated, he would rather fight for a win.} (41. Qe6+ Kh7 42. Qf5+ $11)
41... Qc3 42. Qg4 Qa1 43. Qe2 (43. Qe6+ Kh7 44. Qf5+ $11) 43... Qh1+ 44. Kg4
Kh7 45. Be7 a5 {The worst is over for the defender and he even faces a choice
of equalising continuations.} (45... c4 $5 46. Qxc4 Qd1+ 47. Kf5 Qh5+ 48. Ke6
Rc8 49. Qxb4 (49. Qxc8 $2 Qg4+ $19) 49... Qg4+ 50. Kxe5 Qxg3+ 51. Kd4 Qf2+ $11)
46. Bxc5 (46. d6 $2 a4 $1 47. d7 (47. bxa4 b3 48. d7 b2 49. Qxb2 Qd1+ $19)
47... axb3 48. d8=Q Rxd8 49. Bxd8 b2 50. Qxb2 Qd1+ 51. Kh3 Qxd8 $17) 46... Rc8
47. d6 $2 {White badly wanted to win, but he chooses to promote his case at a
very unfortunate moment.} (47. Bd6 Kg6 48. Qe3 (48. Bxe5 Re8 49. Qa6+ Kh7 50.
Bf4 Qxe4 $17) 48... Qd1+ 49. Kh3 Qh1+ 50. Kg4 Qd1+ $11) 47... Qc1 $1 48. Bb6
Qh6 49. Qd1 (49. d7 $2 Rf8 $1 50. d8=Q Qe6+ 51. Kg5 Qg6#) 49... a4 $1 {Shirov
has always felt like a fish in water in unusual situations; also his feeling
for the initiative is enviable. The tables have been turned, Black is playing
for a win.} 50. Qd5 (50. d7 $2 Qe6+ 51. Kf3 Rf8+ 52. Kg2 Qxb6 $19) 50... Rc3 $1
51. Qxe5 (51. d7 $2 Qg6+ 52. Kh3 Qxg3#) 51... axb3 (51... Qg6+ 52. Qg5 Qxe4+
53. Kh3 Qh1+ 54. Kg4 Qf3+ 55. Kh3 Rd3 $19) 52. d7 (52. h5 Qf6 53. Qxf6 gxf6 54.
d7 Rd3 55. d8=Q Rxd8 56. Bxd8 b2 $19) 52... Qg6+ 53. Kh3 (53. Kf4 Qxg3+ 54. Kf5
Qh3+ 55. Kg5 Rg3+ 56. Qxg3 Qxg3+ 57. Kf5 Qf3+ 58. Ke5 Qf6+ 59. Kd5 Qxb6 $19)
53... b2 $1 {[%mdl 1024] A very rare situation, when both players can promote
and have two queens and the four ladies will then battle it all out.} 54. h5 (
54. d8=Q b1=Q 55. Qdg5 Qh1+ 56. Kg4 Qgxe4+ 57. Qxe4+ (57. Kh5 g6+ 58. Qxg6+
Qxg6#) 57... Qxe4+ 58. Qf4 Qg6+ 59. Qg5 Qxb6 $19) 54... Qf7 55. Qe8 (55. d8=Q
b1=Q 56. Qd2 Qh1+ 57. Qh2 Qff1+ 58. Kg4 Qxh2 $19) (55. d8=N Qf1+ 56. Kg4 b1=Q
$19) 55... Qf1+ 56. Kh4 Qh1+ 57. Kg5 (57. Kg4 Qf3+ 58. Kg5 Qxg3+ 59. Kf5 Rf3+
60. Ke6 Rf6+ 61. Kd5 Qd6+ 62. Kc4 Qc6+ 63. Bc5 b1=Q $19) 57... Rxg3+ 58. Kf5
Qf3+ 59. Ke5 b1=Q {Hao was not able to avoid promoting the queens after all,
but he will now be mated by force. A fascinating and tragic battle for White!}
(59... b1=Q 60. d8=Q Qbxe4+ 61. Kd6 Qd5+ 62. Kc7 Qb7+ 63. Kd6 Qfd5#) 0-1

[Event "WchT 7th"]
[Site "Bursa"]
[Date "2010.01.10"]
[Round "6.1"]
[White "Nakamura, Hikaru"]
[Black "Leitao, Rafael Duailibe"]
[Result "1-0"]
[WhiteElo "2708"]
[BlackElo "2620"]
[Annotator "Ftacnik,L"]
[PlyCount "89"]
[EventDate "2010.01.05"]
[EventType "team-tourn"]
[EventRounds "9"]
[EventCountry "TUR"]
[SourceTitle "CBM 134"]
[Source "ChessBase"]
[SourceDate "2010.01.18"]
[SourceVersion "1"]
[SourceVersionDate "2010.01.18"]
[SourceQuality "1"]
[WhiteTeam "US of America"]
[BlackTeam "Brazil"]
[WhiteTeamCountry "USA"]
[BlackTeamCountry "BRA"]

1. Nf3 Nf6 2. c4 c6 3. d4 d5 4. e3 Bf5 5. Nc3 e6 6. Nh4 Bg6 7. Nxg6 hxg6 8. a3
{The quiet pawn move has a lot of merit. It prevents Bb4 idea and prepares the
building of the long and mighty white pawn chain.} Nbd7 9. g3 Be7 10. c5 e5 11.
Bg2 (11. Bd3 exd4 12. exd4 Nf8 13. Be3 Ne6 14. b4 a6 15. Ra2 Qd7 16. O-O O-O
17. f4 Rfe8 18. f5 gxf5 19. Bxf5 g6 20. Bb1 {1/2-1/2 Korobkov,P (2469)
-Shalimov,V (2439)/Kharkov 2007/ (39)}) 11... e4 (11... Nh7 12. h4 Bf6 13. b4
O-O 14. O-O Re8 15. f4 exd4 16. exd4 b6 17. Qd3 Nhf8 18. Rb1 a5 19. Nxd5 cxd5
20. c6 Ne6 21. cxd7 Qxd7 22. Be3 $11 {1-0 Eljanov,P (2686)-Lastin,A (2590)/
Sochi 2007/ (38)}) (11... g5 12. b4 g4 13. e4 Nxe4 14. Nxe4 dxe4 15. d5 f5 16.
h3 Bg5 17. hxg4 Rxh1+ 18. Bxh1 Bxc1 19. Rxc1 Qg5 20. dxc6 bxc6 21. gxf5 $16 {
1-0 Yermolinsky,A (2511)-Stripunsky,A (2569)/Stillwater 2007/ (40)}) 12. b4 Nf8
13. b5 Ne6 14. Rb1 Qd7 15. a4 {Nakamura comes up with a new idea of supporting
his queenside attack with the advance of the a-pawn.} (15. Bd2 Nh7 16. bxc6
bxc6 17. Ne2 g5 18. h3 f5 19. Rb3 O-O 20. Qb1 Bd8 21. Rb7 Bc7 22. O-O Nd8 $11 {
0-1 Moradiabadi,E (2521)-Megaranto,S (2569)/Macau 2007/ (54)}) 15... Bd8 16.
Bd2 g5 17. a5 $1 Bxa5 {Leitao decides to eliminate the danger and swap the
bishops for the knights. Unfortunately his strategy should have been
unsuccessful.} (17... cxb5 18. Nxb5 O-O 19. O-O $14) 18. bxc6 bxc6 19. Nxe4
dxe4 (19... Bxd2+ 20. Nxd2 O-O 21. O-O $14) 20. Bxa5 g4 21. Qb3 $6 (21. h4 $1
gxh3 22. Rxh3 Rxh3 23. Bxh3 $16) 21... O-O $2 {[%mdl 32] Both grandmasters
have chosen to ignore the great idea bound up with the logical exploitation of
the potential of the knights.} (21... Ng5 $1 22. Qb7 Ke7 23. Bc7 Ke6 $11) 22.
h4 (22. h3 Ng5 23. hxg4 Qxg4 24. Kf1 Qc8 $14) 22... gxh3 (22... g6 23. O-O Kg7
24. Bc3 Qd5 25. Rfc1 $14) 23. Bxh3 {Something went terribly wrong for Black as
White is controlling the b-file and the c8-h3 diagonal.} Nh7 (23... g6 24. Bc3
Kg7 25. d5 cxd5 26. Qb2 Qe7 27. Bxe6 fxe6 28. c6 $16) 24. Bf1 Nhg5 25. Bc4 Nf3+
(25... Qe8 26. Qd1 Rb8 27. Rxb8 Qxb8 28. Kf1 $16) 26. Kf1 Neg5 27. Qb7 Qf5 (
27... Qxb7 28. Rxb7 Rab8 29. Ba6 Ne6 30. Kg2 $16) 28. Rb2 {Nakamura is
incomparably stronger in the attack. Positions requiring defensive decisions
are much less to his liking. He could have had taken the c6-pawn and hastened
the decision.} (28. Qxc6 Rab8 29. Rb7 $1 Rxb7 (29... Nh3 30. Bxf7+ Kh8 31. Qg6
$18) 30. Qxb7 Nh3 31. Qb2 $16) 28... Rac8 29. Kg2 Nxd4 (29... Rfe8 30. Bc3 Red8
31. Rbb1 $16) 30. exd4 Qf3+ 31. Kh2 Qh5+ $6 {Black has sacrificed the knight
for some attacking chances, but now he refrains from the most annoying idea of
the advance of the e-pawn.} (31... e3 $1 32. Be1 (32. fxe3 Qh5+ 33. Kg1 Qd1+
34. Bf1 Qf3 35. Qb3 Qxg3+ 36. Bg2 Rb8 37. Qa3 Rxb2 38. Qxb2 Rb8 $132) 32...
Rce8 33. Be2 $1 (33. Qb3 $6 Qf5 $14) 33... exf2 34. Bxf3 Nxf3+ 35. Kg2 fxe1=Q
36. Rxe1 Nxe1+ 37. Kf1 $16) 32. Kg1 Qd1+ 33. Bf1 Qxd4 34. Qb4 Qe5 {Keeping the
queens, even though even thus his hopes for compensation are on the level of
wishful thinking.} (34... Qxb4 35. Rxb4 Rb8 36. Bc4 Rxb4 37. Bxb4 Rb8 38. Bc3
e3 39. fxe3 Ne4 40. Be1 Rb1 41. Kg2 Nxc5 42. Rf1 $18) 35. Qc3 Qf5 (35... Qxc3
36. Bxc3 Rb8 37. Kg2 Rxb2 38. Bxb2 Rb8 39. Bc1 Ne6 40. Be3 $18) 36. Be2 Rfe8 (
36... Rb8 37. Kg2 e3 38. f3 Rxb2 39. Qxb2 $18) 37. Qe3 Re5 (37... Rb8 38. Rxb8
Rxb8 39. Kg2 f6 40. Bc7 $18) 38. Qf4 $2 {Nakamura is demonstrating his human
side with this weak solution. White was completely winning by the simple
method of improving the pieces.} (38. Bc3 $1 Rxc5 (38... Rd5 39. Kg2 Re8 40.
Rb7 $18) 39. g4 $1 Qd5 40. Rd2 $18) 38... Qxf4 39. gxf4 Rxc5 40. Bd2 Ne6 $6 {
Leitao is only human too and he ignores the golden chance of moving to f3.
White would still be winning, but only after long and arduous play.} (40...
Nf3+ $1 41. Bxf3 exf3 42. Rh3 a5 43. Rxf3 $16) 41. Be3 Ra5 (41... Rf5 42. Bg4
Rb5 43. Ra2 $16) 42. Kg2 c5 43. Bc4 Ra4 44. Bxe6 fxe6 45. Rb7 {Five scattered
black pawns are easy targets for White's attack.} (45. Rb7 a5 46. Rh5 $18) 1-0

[Event "Baku FIDE GP"]
[Site "Baku"]
[Date "2008.05.05"]
[Round "13"]
[White "Navara, David"]
[Black "Cheparinov, Ivan"]
[Result "1-0"]
[WhiteElo "2672"]
[BlackElo "2696"]
[Annotator "Ftacnik,L"]
[PlyCount "65"]
[EventDate "2008.04.21"]
[EventType "tourn"]
[EventRounds "13"]
[EventCountry "AZE"]
[EventCategory "19"]
[SourceTitle "CBM 124"]
[Source "ChessBase"]
[SourceDate "2008.05.28"]
[SourceVersion "1"]
[SourceVersionDate "2008.05.28"]
[SourceQuality "1"]

1. d4 d5 2. c4 c6 3. Nf3 Nf6 4. e3 Bf5 5. Nc3 e6 6. Nh4 Be4 7. f3 Bg6 8. Qb3
Qc7 9. Bd2 Be7 10. Be2 {Technically speaking a novelty, but the position is
well known.} Bh5 11. O-O-O dxc4 12. Qxc4 a6 {Cheparinov was still hoping to
improve his tournament position in the final rounds, so he willingly takes
some risk.} (12... Nbd7 13. g4 Nb6 14. Qb3 Bg6 15. Nxg6 hxg6 16. f4 O-O-O $13)
13. g4 b5 14. Qd3 (14. Qb3 Bg6 15. Nxg6 hxg6 16. f4 $14) 14... Bg6 15. Nxg6
hxg6 16. f4 c5 $6 {Opening of the play must favour Navara, who is better
developed and enjoys the advantage of two bishops.} (16... Nbd7 17. Bf3 Nd5 18.
Kb1 $14) 17. dxc5 Qxc5 18. Kb1 (18. g5 Nd5 19. Kb1 Nb4 20. Qe4 $16) 18... Nc6
19. Ne4 (19. Bf3 Rd8 20. Qe2 $16) 19... Qb6 20. Nxf6+ gxf6 (20... Bxf6 21. Qe4
Rc8 22. g5 Be7 23. h4 $16) 21. h4 (21. Bf3 Rd8 22. Qc2 $14) 21... Rd8 22. Qc3
$6 {White is also hoping for a small miracle and provokes the real tactical
squirmish.} (22. Qb3 $14) 22... Bb4 $1 23. Qxf6 (23. Qc1 Bxd2 24. Rxd2 O-O $11)
23... Bxd2 24. h5 $6 {The whole attack is flawed and White had to change the
tune and start fighting for a draw.} (24. Qxh8+ Ke7 25. Qg7 Qxe3 26. Rh2 Qe4+
27. Ka1 Bxf4 28. Rxd8 Nxd8 $19) (24. Rxd2 $1 Rxd2 25. Qxh8+ Ke7 26. Bf3 Qxe3 (
26... Na5 27. Qc3 Nc4 28. b3 Rf2 $15) 27. Qc3 (27. Bxc6 $2 Qd3+ 28. Ka1 Rd1+
$19) 27... Rd3 28. Qxc6 Qxf3 29. Qxf3 Rxf3 30. h5 gxh5 (30... Kf8 31. hxg6 fxg6
32. Re1 Kf7 33. Re4 $11) 31. gxh5 Kf8 32. h6 Kg8 33. Rg1+ Kh8 34. Rg4 f6 35.
Rg7 Rxf4 36. Ra7 $15) (24. f5 $5 Rf8 25. fxe6 Rd6 26. Rxd2 Rxd2 27. e7 Rg8 28.
Bf3 Kd7 $17) 24... Qxe3 25. hxg6 Qe4+ $4 {[%mdl 8192] A temperamental and
absurd check, that leads to full loss of control in the position. Cheparinov
must have missed something important in the tactical calculations.} (25... Kd7
$1 26. Rxh8 (26. Qxf7+ Kd6 27. Rxd2+ Qxd2 28. Rd1 Rh1 $1 29. Rxh1 Qxe2 30. Rc1
Rh8 31. Ka1 Qd2 32. Kb1 Qd5 $17) 26... Rxh8 27. Qxh8 Qxe2 28. Qh1 fxg6 $17) 26.
Ka1 Rf8 (26... Kd7 27. Rxh8 Qxe2 28. Rxd8+ Nxd8 29. Qd4+ Ke7 30. Rxd2 $18) 27.
gxf7+ Kd7 28. Rxd2+ Kc7 29. Rxd8 {Now White is winning quite easily despite
the fact, that all his pieces are hanging.} Qxh1+ (29... Nxd8 30. Rc1+ $18) 30.
Rd1 Qe4 31. Bd3 Qf3 32. Rc1 Qxd3 33. Qe7+ 1-0

[Event "Haninge"]
[Site "Haninge"]
[Date "1990.??.??"]
[Round "1"]
[White "Andersson, Ulf"]
[Black "Van der Wiel, John"]
[Result "1/2-1/2"]
[WhiteElo "2630"]
[BlackElo "2550"]
[Annotator "Ftacnik,L"]
[PlyCount "55"]
[EventDate "1990.05.??"]
[EventType "tourn"]
[EventRounds "11"]
[EventCountry "SWE"]
[EventCategory "14"]
[SourceTitle "CBM 018"]
[Source "ChessBase"]
[SourceDate "1990.10.01"]
[SourceVersion "1"]
[SourceVersionDate "1990.10.01"]
[SourceQuality "1"]

1. Nf3 d5 2. d4 Nf6 3. c4 c6 4. e3 Bf5 5. Bd3 e6 $5 (5... Bxd3 6. Qxd3 e6 7.
O-O Nbd7 8. Nc3 Be7 (8... Bb4 9. Bd2 Bxc3 10. Bxc3 O-O 11. Nd2 Rc8 12. Rac1 c5
13. Rfd1 Qe7 $10 {Andersson,U-Van der Wiel,J/Haninge/1989/ ->CBM 13}) 9. e4
dxe4 10. Nxe4 Nxe4 11. Qxe4 O-O 12. Bf4 Qa5 13. Rfd1 {Andersson,U-Van der Wiel,
J/Wijk aan Zee/1990/  ->CBM 17}) 6. Nc3 Be7 7. Bxf5 exf5 8. Qb3 (8. cxd5 Nxd5
9. O-O) 8... Qb6 $1 9. Qxb6 axb6 10. cxd5 Nxd5 11. Nxd5 cxd5 12. Bd2 Nc6 13.
Ke2 Kd7 14. a3 Bd6 15. g3 (15. h3 h5) 15... f6 16. Rhc1 Rhc8 17. Kd3 Nd8 18.
Rxc8 Rxc8 $10 19. Ng1 Nf7 20. f3 Ng5 21. Rf1 h5 22. Ne2 Rh8 23. Nc3 Ke6 24. Be1
Rc8 25. Bd2 Rh8 26. Be1 Rc8 27. Bd2 Rh8 28. Be1 {Ftacnik,L} 1/2-1/2

[Event "Alushta4"]
[Site "Alushta"]
[Date "1994.??.??"]
[Round "5"]
[White "Graf, Alexander"]
[Black "Dreev, Alexey"]
[Result "0-1"]
[WhiteElo "2575"]
[BlackElo "2645"]
[Annotator "Ftacnik,L"]
[PlyCount "83"]
[EventDate "1994.??.??"]
[EventType "tourn"]
[EventRounds "9"]
[EventCountry "UKR"]
[EventCategory "13"]
[SourceTitle "CBM 042"]
[Source "ChessBase"]
[SourceDate "1994.10.01"]
[SourceVersion "1"]
[SourceVersionDate "1994.10.01"]
[SourceQuality "1"]

1. d4 d5 2. c4 c6 3. Nf3 Nf6 4. e3 Bf5 5. Nc3 e6 6. Nh4 (6. Bd3 Bxd3 7. Qxd3
Bb4 $10) 6... Bg4 7. Qb3 Qc7 (7... Qb6 8. h3 Bh5 9. g4 Bg6 10. Nxg6 hxg6 11. g5
Ng8 12. Bd2 Ne7 13. Na4 Qxb3 14. axb3 Nd7 15. Bd3 Nf5 $10 {Piskov-Velicka/
Erfurt op/1993/}) 8. h3 Bh5 9. g4 Bg6 10. Nxg6 hxg6 11. g5 Nfd7 (11... Ng8) 12.
e4 $6 (12. Bd2 Be7 13. f4) 12... dxe4 13. Nxe4 e5 $1 14. Be3 Na6 15. Bg2 (15.
O-O-O $5 O-O-O 16. Bg2 exd4 17. Bxd4 Ndc5 18. Nxc5 Bxc5 $132) 15... exd4 (15...
Bb4+ 16. Kf1) 16. Bxd4 Nac5 17. Qe3 O-O-O 18. h4 $2 (18. O-O-O Re8 19. Rhe1
Nxe4 20. Bxe4 Rh4 $13) 18... Nxe4 19. Qxe4 (19. Bxe4 Bb4+ 20. Kf1 Rhe8 21. Bxg7
Nc5 22. Qh3+ Kb8 23. Bg2 Nd3 $40) 19... f5 $1 20. gxf6 $8 (20. Qe6 Bb4+ 21. Kf1
Rhe8 22. Qxg6 Qf4 23. Qxg7 Re7 $19) 20... Bb4+ 21. Kf1 Nxf6 22. Qe5 (22. Bxf6
gxf6 23. Qxg6 Qe5 24. Qg4+ f5 25. Qf3 Rd2 $36) 22... Bd6 23. Qe6+ Kb8 24. c5
Bf4 25. Bxf6 gxf6 26. b4 (26. Qxf6 Be3 27. Qxg6 Bxf2 $1 28. Kxf2 Qf4+ 29. Kg1
Qe3+ 30. Kh2 Rxh4+) 26... Rhe8 27. Qg4 Qe5 28. Rd1 Rd3 $1 29. Bf3 $8 f5 30. Qh3
Ra3 (30... Rxd1+ 31. Bxd1 Qe1+ 32. Kg2 Qxb4 $17) 31. Kg2 Rxa2 32. Rhf1 (32.
Rhe1 Qxe1 33. Rxe1 Rxe1 34. h5 Raa1 $19) 32... a6 33. Rd6 Qg7 34. Rdd1 Qf6 35.
Rfe1 Rh8 $1 36. Rd7 (36. h5 g5 37. Be2 Bd2 38. Rh1 Bxb4 $19) 36... Be5 (36...
Rxh4 37. Re8+ Ka7 38. Rdd8 Qg5+ 39. Kf1 Qxd8 $19) 37. h5 gxh5 38. Kh1 Rxf2 39.
Re2 Rxe2 40. Bxe2 Bc7 41. b5 axb5 42. Qf3 0-1